- Treviño García, Blanca Estela,
Entry Nombre Personal
001 - NUMERO DE CONTROL
- campo de control: 47384
003 - IDENTIFICADOR DE NUMERO DE CONTROL
- campo de control: DLC
005 - FECHA Y HORA DE LA ÜLTIMA TRANSACCIÓN
- campo de control: 20221128092121.0
008 - DATOS DE LONGITUD FIJA
- campo de control de longitud fija: 221128n| azannaabn |a aaa c
010 ## - NÚMERO DE CONTROL DE LA BIBLIOTECA DEL CONGRESO
- Número de control LC: no2006099619
035 ## - NUMERO DE CONTROL
- Número de control: (OCoLC)oca07055612
040 ## - FUENTE DE CATALOGACIÓN
- Agencia original de catalogación: RPB
- Lenguaje de catalogación: spa
- Description conventions: rda
- Agencia de transcripción: RPB
- Agencia que lo modifica: TNJ
- Agencia que lo modifica: UPB
- Agencia que lo modifica: MX-MxUPN
046 ## - FECHAS CON CODIFICACIÓN ESPECIAL
- Fecha de nacimiento: 1950
100 1# - ENCABEZAMIENTO - NOMBRE PERSONAL
- Nombre personal: Treviño García, Blanca Estela,
- Fechas asociadas con el nombre: 1950-
375 ## - GÉNERO
- Gender: female
377 ## - LENGUA ASOCIADA
- Language code: spa
400 1# - VEÁSE - NOMBRE DE PERSONA
- Personal name: García, Blanca Estela Treviño
400 1# - VEÁSE - NOMBRE DE PERSONA
- Personal name: Treviño, Blanca Estela
670 ## - FUENTE EN LA QUE SE LOCALIZARON DATOS
- Cita de la fuente: Campo, A. de. Kinetoscopio, 2004:
- Información localizada: portada (Blanca Estela Treviño García)
670 ## - FUENTE EN LA QUE SE LOCALIZARON DATOS
- Cita de la fuente: Catorce escritoras mexicanas frente a sus lectores, 2009:
- Información localizada: portada (Blanca Estela Treviño)
670 ## - FUENTE EN LA QUE SE LOCALIZARON DATOS
- Cita de la fuente: La vida en México (1849-2009), 2010:
- Información localizada: portada (Blanca Estela Treviño) solapa de la cubierta delantera (Blanca Estela Treviño, nació en 1950)
902 ## - CATALOGADOR
- Catalogador: NDAF/281122
